Detalles MARC
| 000 -LÍDER |
| Campo fijo de descripción fija |
02311cam a2200373 i 4500 |
| 001 - NÚMERO DE CONTROL |
| Campo de control |
768714001 |
| 003 - IDENTIFICADOR DEL NÚMERO DE CONTROL |
| Campo de control |
CO-MdFUSB |
| 005 - FECHA Y HORA DE LA ULTIMA TRANSACCIÓN |
| control field |
20200722170640.0 |
| 007 - CAMPO FIJO DE DESCRIPCIÓN FIJA--INFORMACIÓN GENERAL |
| Campo fijo de descripción fija |
ta |
| 008 - ELEMENTOS DE LONGITUD FIJA -- INFORMACIÓN GENERAL |
| Campo fijo de descripción fija -- Información general |
801030s1980 nyua b 001 0 eng |
| 010 ## - NÚMERO DE CONTROL DE LA BIBLIOTECA DEL CONGRESO |
| Número de control LC |
80132792 |
| 020 ## - NÚMERO INTERNACIONAL NORMALIZADO PARA LIBROS |
| Número Internacional Normalizado del libro |
0871963345 : |
| Términos de disponibilidad |
$29.95 |
| 040 ## - FUENTE DE CATALOGACIÓN |
| Agencia de catalogación original |
DLC |
| Agencia que realiza la transcripción |
CO-MdFUSB |
| Agencia que realiza la modificación |
DLC |
| -- |
CO-MdFUSB |
| Idioma de catalogación |
spa |
| Convenciones de la descripción |
rda |
| 041 ## - CÓDIGO DE IDIOMA |
| Código de idioma para texto/pista de sonido o título separado |
eng |
| 043 ## - GEOGRAPHIC AREA CODE |
| Geographic area code |
f-ua--- |
| 051 ## - LIBRARY OF CONGRESS COPY, ISSUE, OFFPRINT STATEMENT |
| Classification number |
G2490 |
| Item number |
.B3 1980 |
| Copy information |
Copy 2. |
| 082 00 - NÚMERO DE CLASIFICACIÓN DECIMAL DEWEY |
| Número de clasificación |
932.0109 |
| Número de la edición del Dewey |
23 |
| Clave de autor-Numero de item |
B162 |
| 100 1# - ASIENTO PRINCIPAL--NOMBRE PERSONAL |
| Nombre personal |
Baines, John, |
| Fechas asociadas con el nombre |
1946- |
| Término relacionador |
autor |
| 245 10 - TÍTULO |
| Título del Material |
Atlas of ancient Egypt |
| Mención de responsabilidad, etc. |
/ John Baines , Jaromír Málek. |
| 264 #1 - PRODUCCIÓN, PUBLICACIÓN, DISTRIBUCIÓN, MANUFACTURA, Y COPYRIGHT |
| Lugar de producción, publicación, distribución, manufactura |
New York. : |
| Nombre del productor, publicador, distribuidor |
Facts on File Publications, |
| Fecha de producción, publicación, distribución, manufactura, o copyright |
[1980] |
| 264 #4 - PRODUCCIÓN, PUBLICACIÓN, DISTRIBUCIÓN, MANUFACTURA, Y COPYRIGHT |
| Fecha de producción, publicación, distribución, manufactura, o copyright |
© 1980 |
| 300 ## - DESCRIPCIÓN FÍSICA |
| Extensión |
240 páginas |
| Otros detalles físicos |
ilustraciones |
| Dimensiones |
; 31 cm. |
| 336 ## - TIPO DE CONTENIDO |
| Fuente |
rdacontent |
| Término de tipo de contenido |
texto |
| Código de tipo de contenido |
txt |
| 337 ## - TIPO DE MEDIO |
| Fuente |
rdamedia |
| Nombre del tipo de medio |
sin mediación |
| Código del tipo de medio |
n |
| 338 ## - TIPO DE SOPORTE |
| Fuente |
rdacarrier |
| Nombre del tipo de soporte |
volumen |
| Código Tipo de soporte |
nc |
| 504 ## - NOTA DE BIBLIOGRAFÍA, ETC. |
| Nota de bibliografía, etc |
Incluye referencias bibliográficas páginas 231-232. |
| 505 ## - NOTA DE CONTENIDO |
| Nota de contenido con formato preestablecido |
El entorno cultural. -- La geografía del antiguo Egipto. -- El estudio del antiguo Egipto. -- El trasfondo histórico. -- Reyes de Egipto -<br/>Galería de reyes. -- Arte y arquitectura. -- Convenciones de representación. -- Estelas sepulcrales. -- Un viaje abajo. --Barcos en el Nilo. -- Alto Egipto meridional . -- Tebas John Gardner Wilkinson en Tebas. -- Alto Egipto septentrional - Egipto medio -Memphis -Las pirámides: tipos y construcción -Bajo Egipto - El Delta -Nubia -Regiones periféricas -Aspectos de la sociedad egipcia -Vida cotidiana -Escribas y escritos - El ejército -Mujeres y hombres -Religión -El panteón egipcio -Costumbres funerarias -Egipto en el arte occidental, por Helen Whitehouse -Museos con colecciones egipcias -El entorno geográfico de Egipto -El nominados del Alto Egipto -Los nominados del Bajo Egipto -Densidad de población en el valle del Nilo -Topografía del delta -Recursos naturales del antiguo Egipto -Viajeros a Egipto y Sudán antes de 1800 -Egipto predinástico y dinastico temprano -El segundo área de cataratas en tiempos predinásticos -Egipto en el Reino Antiguo y primer período intermedio -Egipto en el Reino Medio y Segundo Período Intermedio. |
| 651 #0 - ASIENTO SECUNDARIO DE MATERIA - NOMBRE GEOGRAFICO |
| Nombre geográfico |
Egipto. |
| Subdivisión general |
Historia temprana. |
| Subdivisión de forma |
Atlas |
| 700 1# - ASIENTO SECUNDARIO - NOMBRE PERSONAL |
| Nombre personal |
Málek, Jaromír, |
| Responsabilidad |
autor |
| 942 ## - TIPO DE MATERIAL (KOHA) |
| Tipo de Item KOHA |
Libros General |
| 945 ## - INFORMACIÓN LOCAL DEL REGISTRO |
| Catalogador |
JTF-925 |